| 000 | 00664nam a22001697a 4500 | ||
|---|---|---|---|
| 999 |
_c10946 _d10946 |
||
| 008 | 180927b ||||| |||| 00| 0 eng d | ||
| 082 |
_22018 _aUT 1039 _bD17 |
||
| 100 |
_931810 _aDalumpines, Berna B. |
||
| 245 |
_aFood leftover recycling practices and crew's food waste management of roxas extension eateries/ _cBerna B. Dalumpines, May Ann S. Capitan and Mildred A. Gilayo. |
||
| 260 |
_aDigos City: _bUMDC _cmarch 2018. |
||
| 300 |
_a53 pages; _b30 cm. |
||
| 650 | 0 |
_931811 _aEducation. _vBTTE- FSM _xUndegraduate thesis. |
|
| 700 |
_931812 _aDalumpines, Berna B. |
||
| 700 |
_931813 _aCapitan, May Ann S. |
||
| 700 |
_931814 _aGilayo, Mildred A. |
||
| 942 |
_2ddc _cUT |
||